Statystyki dla Oznaczenia wojskowe samolotów państw Osi (1939-1945)

Kliknij tutaj aby rozwiązać quiz!

Ogólne statystyki

  • Ten quiz został rozwiązany 213 razy
  • Średni wynik to 7 z 12

Statystyki odpowiedzi

Odpowiedź% Poprawnych
Trzecia Rzesza
99%
Japonia
92%
Włochy
80%
Finlandia
71%
Rumunia
60%
Węgry
59%
Bułgaria
51%
Słowacja
38%
Hiszpania
34%
Chorwacja
32%
Mandżukuo
26%
Łotwa
15%

Rozkład punktacji

Percentyl według liczby udzielonych odpowiedzi

Procent ludzi z każdym wynikiem

Twoja historia wyników

Nie rozwiązałeś tego quizu